Lewin's genes XII (Record no. 18342)

MARC details
000 -LEADER
fixed length control field 00615nam a2200229 a 4500
001 - CONTROL NUMBER
control field 155912
003 - CONTROL NUMBER IDENTIFIER
control field OSt
005 - DATE AND TIME OF LATEST TRANSACTION
control field 20260216150338.0
008 - FIXED-LENGTH DATA ELEMENTS--GENERAL INFORMATION
fixed length control field 180410 ### HIN
020 ## - INTERNATIONAL STANDARD BOOK NUMBER
International Standard Book Number 9781284104493
082 ## - DEWEY DECIMAL CLASSIFICATION NUMBER
Classification number 576.5
Item number K87G
100 ## - MAIN ENTRY--PERSONAL NAME
Personal name Krebs, Jocelyn E
245 ## - TITLE STATEMENT
Title Lewin's genes XII
Statement of responsibility, etc by Jocelyn E. Krebs, Elliott S. Goldstein and Stephen T. Kilpatrick
260 ## - PUBLICATION, DISTRIBUTION, ETC. (IMPRINT)
Place of publication, distribution, etc Burlington
Name of publisher, distributor, etc Jone & Bartlett
Date of publication, distribution, etc 2018
300 ## - PHYSICAL DESCRIPTION
Extent xxv, 837p.
546 ## - LANGUAGE NOTE
Language note English
650 ## - SUBJECT ADDED ENTRY--TOPICAL TERM
Source of heading or term Genetics
650 ## - SUBJECT ADDED ENTRY--TOPICAL TERM
Source of heading or term Genes
700 ## - ADDED ENTRY--PERSONAL NAME
Personal name Goldstein, Elliott S.
700 ## - ADDED ENTRY--PERSONAL NAME
Personal name Kilpatrick, Stephen T.
942 ## - ADDED ENTRY ELEMENTS (KOHA)
Source of classification or shelving scheme Dewey Decimal Classification
Koha item type Books
Holdings
Withdrawn status Lost status Source of classification or shelving scheme Damaged status Not for loan Collection code Home library Current library Date acquired Source of acquisition Total Checkouts Full call number Barcode Date last seen Date checked out Price effective from Koha item type Department Cost, normal purchase price Inventory number(Invoice/Date)
    Dewey Decimal Classification     General Text Book Central University Of Rajasthan Central University Of Rajasthan 10/04/2018 MCB 15 576.5 K87G 30490 17/02/2026 03/02/2026 02/09/2020 Books      
    Dewey Decimal Classification     General Text Book Central University Of Rajasthan Central University Of Rajasthan 13/02/2019 BCH   576.5 K87G 31700 24/07/2023   02/09/2020 Books      
    Dewey Decimal Classification     General Text Book Central University Of Rajasthan Central University Of Rajasthan 16/04/2021 Technical Bureau 14 576.5 K87G 36258 06/12/2023 29/09/2023 16/04/2021 Books Biotechnology 8384.65 TB2683/04/02/2021